| Tag |
First Indicator |
Second Indicator |
Subfields |
| LEADER |
00000cam a22000001a 4500 |
| 001 |
in00003152321 |
| 005 |
20190403191134.0 |
| 006 |
m o d |
| 007 |
cr un mmmapmmp |
| 008 |
080505s1957 dcu o f000 0 eng d |
| 035 |
|
|
|a cis2004255250
|
| 040 |
|
|
|a UMI
|c UMI
|d UtOrBLW
|
| 043 |
|
|
|a n-us---
|
| 099 |
|
|
|a ProQuest Serial Set Number 11986 H.rp.706
|
| 110 |
1 |
|
|a United States.
|b Congress.
|b House.
|
| 245 |
1 |
0 |
|a Humane slaughter of livestock.
|
| 246 |
1 |
|
|a Humane slaughter of livestock
|
| 264 |
|
1 |
|a Washington :
|b [publisher not identified],
|c 1957.
|
| 300 |
|
|
|a 1 online resource.
|
| 336 |
|
|
|a text
|b txt
|2 rdacontent
|
| 337 |
|
|
|a computer
|b c
|2 rdamedia
|
| 338 |
|
|
|a online resource
|b cr
|2 rdacarrier
|
| 490 |
0 |
|
|a H.rp.706
|
| 500 |
|
|
|a Record is based on bibliographic data in ProQuest U.S. Serial Set Digital Collection (last viewed May 2008). Reuse except for individual research requires license from ProQuest, LLC.
|
| 510 |
3 |
|
|a ProQuest U.S. Serial Set Digital Collection
|
| 500 |
|
|
|a Electronic resource.
|
| 650 |
|
0 |
|a Animal industry.
|
| 650 |
|
0 |
|a Meat.
|
| 655 |
|
7 |
|a Electronic books.
|2 local
|
| 710 |
2 |
|
|a ProQuest (Firm)
|
| 710 |
1 |
|
|a United States.
|b Congress.
|b House.
|b Committee on Agriculture.
|
| 830 |
|
0 |
|a United States congressional serial set.
|
| 856 |
4 |
0 |
|u http://proxy.library.tamu.edu/login?url=http://congressional.proquest.com/congcomp/getdoc?SERIAL-SET-ID=11986+H.rp.706
|z Connect to the full text of this electronic book
|t 0
|
| 999 |
|
|
|a MARS
|
| 999 |
f |
f |
|s a4bc2bb6-faa9-3deb-8d06-6e825e11a1a3
|i 879b3cd3-a6c9-34cd-a9c1-55f2e21eb1fa
|t 0
|
| 952 |
f |
f |
|a Texas A&M University
|b College Station
|c Electronic Resources
|d Available Online
|t 0
|e ProQuest Serial Set Number 11986 H.rp.706
|h Other scheme
|
| 998 |
f |
f |
|a ProQuest Serial Set Number 11986 H.rp.706
|t 0
|l Available Online
|